000 00744nam a22002177a 4500
999 _c16576
_d16576
003 AR-CdUCM
008 190503b ||||| |||| 00| 0 spa d
040 _aMUNICIPALIDAD PROVINCIAL DEL CUSCO
_cBIBLIOTECA MUNICIPAL DEL CUSCO
082 _a869.508 /
_bE2
100 _aPalma, Clemente
_923449
245 _aCuentos malévolos /
260 _aLima :
_bNuevos Rumbos,
_c1904.
300 _a113 páginas ;
_c18 cm.
440 _aEscritores de Lima ;
_936088
505 _aContenido: Los canastos -- Idealismo -- El ultimo fauno -- Parábola -- Una historia vulgar -- Los ojos de lina...
650 _aCuentos peruanos
_97
650 _aHumorismo peruano
_91668
650 _aSiglo XX.
_98
942 _2ddc
_cLIBROS
945 _aacv
_d2019-05-03